| 000 -LEADER |
| fixed length control field |
00757cam a2200229 a 4500 |
| 001 - CONTROL NUMBER |
| control field |
2958633 |
| 005 - DATE AND TIME OF LATEST TRANSACTION |
| control field |
20180131041450.0 |
| 008 - FIXED-LENGTH DATA ELEMENTS--GENERAL INFORMATION |
| fixed length control field |
910301s1991 nyua 000 0deng |
| 010 ## - LIBRARY OF CONGRESS CONTROL NUMBER |
| LC control number |
91002887 |
| 020 ## - INTERNATIONAL STANDARD BOOK NUMBER |
| International Standard Book Number |
0395593026 : |
| Terms of availability |
$40.00 |
| 040 ## - CATALOGING SOURCE |
| Original cataloging agency |
DLC |
| Transcribing agency |
DLC |
| Modifying agency |
DLC |
| 041 ## - LANGUAGE CODE |
| Language code of text/sound track or separate title |
eng |
| 043 ## - GEOGRAPHIC AREA CODE |
| Geographic area code |
e-it--- |
| 080 ## - UNIVERSAL DECIMAL CLASSIFICATION NUMBER |
| Universal Decimal Classification number |
914.5804928 har |
| 082 00 - DEWEY DECIMAL CLASSIFICATION NUMBER |
| Classification number |
914.5804928 har |
| Edition number |
20 |
| 100 1# - Rafti |
| Rafti |
44 |
| 101 ## - Shkurtesa |
| Shkurtesa |
art |
| 245 14 - TITLE STATEMENT |
| Title |
The islands of Italy : |
| Statement of responsibility, etc |
Barbara Grizzuti Harrison ; photos by Sheila Nardulli. |
| 906 ## - LOCAL DATA ELEMENT F, LDF (RLIN) |
| a |
7 |
| b |
cbc |
| c |
orignew |
| d |
1 |
| e |
ocip |
| f |
19 |
| g |
y-gencatlg |
| 942 ## - ADDED ENTRY ELEMENTS (KOHA) |
| Source of classification or shelving scheme |
|
| Item type |
Books |